01398nam a2200313 a 450000500170000000700150001700800410003201700200007302000150009303500090010804000090011709000150012610000280014124501340016925600240030326000310032730000280035849000130038650400260039950602850042565000420071065000470075274000380079983000230083785601020086094200080096295200950097099900190106520240305165400.0cr|||| |||| 051027s2005 sp |||||| 000 ||spa|c aDL AB. 299-2005 a8486977711 a6719 avLex c3476d34761 aÁlvarez Alonso, Diego13aLa Garantía de indemnidad del trabajador frente a represalias empresariales h[Recurso electrónico] /cDiego Álvarez Alonso aServicio en línea aAlbacete :bBomarzo,c2005 a1 recurso electrónico1 aEstudios aBibliogr.: p. 139-1491 aContenido solo disponible en los productos indicadosdvLex Global dvLex Global (Academic Edition, excluding Law Schools) dvLex Global (U.S. Academic Edition, Law Schools) dvLex Global (U.S. Academic Edition, excluding Law Schools) dvLex Global (Academic Edition, Law Schools) 04aDerecho de los trabajadoreszEspaña04aPatrones y trabajadoresxDerechozEspaña0 avLex Libros (Servicio en línea) 0aEstudios (Bomarzo)40uhttps://app.vlex.com/#/sources/garantia-indemnidad-trabajador-frente-presalias-empresariales-6719 cRAA 001040708VLEX9319866aBD-UINbBD-UINd2024-03-05l0p6719r2024-03-05w2024-03-05yRAA c161866d161866